<?xml version="1.0" encoding="UTF-8"?>
<collection xmlns="http://www.loc.gov/MARC21/slim">
 <record>
  <leader>00691nam a2200205   4500</leader>
  <controlfield tag="001">000015719</controlfield>
  <controlfield tag="003">12102</controlfield>
  <controlfield tag="005">20150812150801.0</controlfield>
  <controlfield tag="008">120531s                               sd</controlfield>
  <datafield tag="245" ind1="0" ind2="0">
   <subfield code="a">Giáo trình tiếng hán cổ đại</subfield>
   <subfield code="c">Lê Văn Quán</subfield>
  </datafield>
  <datafield tag="774" ind1=" " ind2=" ">
   <subfield code="a">Lê Văn Quán</subfield>
   <subfield code="d">Giáo dục</subfield>
   <subfield code="d">H.</subfield>
   <subfield code="d">1992</subfield>
   <subfield code="g">T.2</subfield>
   <subfield code="h">246 tr.</subfield>
   <subfield code="t">Giáo trình tiếng Hán cổ đại</subfield>
   <subfield code="w">12104</subfield>
  </datafield>
  <datafield tag="774" ind1=" " ind2=" ">
   <subfield code="a">Lê Văn Quán</subfield>
   <subfield code="d">Giáo dục</subfield>
   <subfield code="d">H.</subfield>
   <subfield code="d">1991</subfield>
   <subfield code="g">T.1</subfield>
   <subfield code="h">222 tr.</subfield>
   <subfield code="t">Giáo trình tiếng Hán cổ đại</subfield>
   <subfield code="w">12108</subfield>
  </datafield>
  <datafield tag="OWN" ind1=" " ind2=" ">
   <subfield code="a">LSP</subfield>
  </datafield>
  <datafield tag="999" ind1=" " ind2=" ">
   <subfield code="a">From the UDN01</subfield>
  </datafield>
  <datafield tag="TYP" ind1=" " ind2=" ">
   <subfield code="a">Monograph</subfield>
  </datafield>
  <datafield tag="TYP" ind1=" " ind2=" ">
   <subfield code="a">Printed language</subfield>
  </datafield>
  <datafield tag="980" ind1=" " ind2=" ">
   <subfield code="a">Mạng thư viện Đại học Đà Nẵng</subfield>
  </datafield>
 </record>
</collection>
